Hóa lý; T1 Dùng cho sinh viên hóa cá trường đại học Tổng hợp và Sư phạm

Spremljeno u:
Bibliografski detalji
Glavni autor: Trần Văn Nhân
Format: Knjiga
Jezik:Undetermined
Izdano: Hà Nội ĐH và THCN 1985
Teme:
Oznake: Dodaj oznaku
Bez oznaka, Budi prvi tko označuje ovaj zapis!
Thư viện lưu trữ: Trung tâm Học liệu Trường Đại học Cần Thơ
LEADER 00577nam a2200181Ia 4500
001 CTU_2787
008 210402s9999 xx 000 0 und d
082 |a 541.3 
082 |b Nh121/ 
100 |a Trần Văn Nhân 
245 0 |a Hóa lý; T1 
245 0 |b Dùng cho sinh viên hóa cá trường đại học Tổng hợp và Sư phạm 
245 0 |c Trần Văn Nhân 
260 |a Hà Nội 
260 |b ĐH và THCN 
260 |c 1985 
650 |a chemistry, physical and theoretical 
980 |a Trung tâm Học liệu Trường Đại học Cần Thơ